000 01426namaa22003131i 4500
005 20260210134259.0
008 260103s1995 ua a|||fr|m|| 000 0 eng d
040 _aEG-GICUC
_beng
_cEG-GICUC
_dEG-GICUC
_erda
041 0 _aeng
_beng
_bara
049 _aDeposit
097 _aM.Sc
099 _aCai01.13.11.M.Sc.1995.Ha.D.
100 0 _aHassan Nabil Bayoumi,
_epreparation.
245 1 0 _aDevelopment of afinite element program for nonlinear rotordynamic analysis using equivalent linearization /
_cBy Hassan Nabil Bayoumi; Supervised Prof. Dr. Ahmad M. A. Mansour, Dr. Aly El-Shafei
246 1 5 _aعمل برنامج بطريقة العناصر المحددة لدراسة ديناميكا الدوارات الغير خطية باستخدام التمثيل الخطى المكافئ
264 0 _c1995.
300 _a105 Pages :
_billustrations ;
_c25 cm. +
336 _2rda content
_atext
337 _2rdamedia
_aUnmediated
338 _2rdacarrier
_avolume
502 _aThesis (M.Sc.)-Cairo University, 1995
504 _aBibliography: pages 73 :75
653 0 _aDevelopment of a finite element program
700 0 _aAhmad M.A.Mansour
_ethesis advisor.
700 0 _aAly El-Shafei
_ethesis advisor.
900 _DDepartment of Engineering
_FFaculty of Engineering
_UCairo University
_b1995
_cAhmad M. A. Mansour
_cAly El-Shafei
_dAhmad M. A. Mansour
905 _aNagat
_eNourhan
942 _2ddc
_cTH
_e21
_n0
999 _c177322